| 000 | 00000nam##2200000za#4500 |
| 001 | 9.574489 |
| 003 | CaOODSP |
| 005 | 20210624184217 |
| 007 | cr ||||||||||| |
| 008 | 150406|2005||||xxc|||||o f|0| 0 eng|d |
| 040 | |aCaOODSP|beng |
| 043 | |an-cn--- |
| 086 | 1 |aTU3-5/05-47E-PDF |
| 110 | 2 |aTransportation Safety Board of Canada. |
| 245 | 10|aTree impact without loss of control - Grondair Cessna 172M C-GPUL, Saint-Honoré-de-Beauce, Quebec, 05 November 2005 |h[electronic resource] |
| 260 | |aGatineau - Quebec : |bTransportation Safety Board of Canada |c2008. |
| 300 | |a16p.|bcoloured maps, glossary |
| 490 | 1 |aAviation investigation report |vA05Q0208 |
| 500 | |a"The Board authorized the release of this report on 09 December 2008" --p.14. |
| 590 | |a12-33-Supp|b2012-07-18 |
| 775 | 08|tImpact avec les arbres sans perte de contrôle du Cessna 172M C-GPUL, exploité par Grondair à Saint-Honoré-de-Beauce (Québec), le 5 novembre 2005 |w(CaOODSP)9.604233 |
| 830 | #0|aAviation investigation report ;|vA05Q0208|w(CaOODSP)9.504825 |
| 856 | 40|ahttp://publications.gc.ca|qPDF|s567 KB|uhttps://publications.gc.ca/collections/collection_2012/bst-tsb/TU3-5-05-47-eng.pdf|yA05Q0208 |